| 000 | 00576cam a2200205ua 4500 | ||
|---|---|---|---|
| 001 | 6459 | ||
| 005 | 20260515114043.0 | ||
| 008 | 131210n ii |||gr||||Z||||||eng | ||
| 020 | _a81-8318-476-6 | ||
| 040 | _cMAIN | ||
| 082 | _a338.7 | ||
| 245 |
_aModern business organisation and management _cBy S.A. Sherlekar |
||
| 260 |
_aMumbai: _bHimalaya publishing house, _c2006. |
||
| 300 | _axxiv,9.64p. | ||
| 653 | _aCommerce | ||
| 653 | _aModern Business organisation and management | ||
| 700 |
_aSherlekar,S.A., _eAuthor., |
||
| 700 | 1 |
_aSherlekar,V.S., _eAuthor. |
|
| 942 | _cBK | ||
| 999 |
_c5603 _d5603 |
||